<?xml version="1.0" encoding="UTF-8"?>
<record
    xmlns:xsi="http://www.w3.org/2001/XMLSchema-instance"
    xsi:schemaLocation="http://www.loc.gov/MARC21/slim http://www.loc.gov/standards/marcxml/schema/MARC21slim.xsd"
    xmlns="http://www.loc.gov/MARC21/slim">

  <leader>00964na  a2200265   4500</leader>
  <controlfield tag="001">17186</controlfield>
  <controlfield tag="003">MIRAKIL</controlfield>
  <controlfield tag="005">20181213154925.0</controlfield>
  <controlfield tag="008">161023b        tu            000 0      </controlfield>
  <datafield tag="020" ind1=" " ind2=" ">
    <subfield code="a">9789944234610</subfield>
  </datafield>
  <datafield tag="035" ind1=" " ind2=" ">
    <subfield code="a">17186</subfield>
  </datafield>
  <datafield tag="040" ind1=" " ind2=" ">
    <subfield code="a">Milas</subfield>
    <subfield code="b">tur</subfield>
    <subfield code="c">TR-AnCHP</subfield>
  </datafield>
  <datafield tag="041" ind1=" " ind2=" ">
    <subfield code="a">tur</subfield>
  </datafield>
  <datafield tag="082" ind1=" " ind2=" ">
    <subfield code="a">340.309561</subfield>
    <subfield code="b">A22a 2008</subfield>
  </datafield>
  <datafield tag="090" ind1=" " ind2=" ">
    <subfield code="a">340.309561 A22a 2008</subfield>
  </datafield>
  <datafield tag="111" ind1=" " ind2=" ">
    <subfield code="a">"Adalet Bakanl&#x131;&#x11F;&#x131; Yarg&#x131; Reformu Stratejisi" Belgesi G&#xF6;lgesinde Yarg&#x131; Reformu Sempozyumu</subfield>
    <subfield code="c">Ankara</subfield>
    <subfield code="d">2008</subfield>
  </datafield>
  <datafield tag="245" ind1=" " ind2=" ">
    <subfield code="a">"Adalet Bakanl&#x131;&#x11F;&#x131; Yarg&#x131; Reformu Stratejisi" belgesi g&#xF6;lgesinde yarg&#x131; reformu sempozyumu</subfield>
    <subfield code="b">18-20 Haziran 2008 Ankara</subfield>
  </datafield>
  <datafield tag="260" ind1=" " ind2=" ">
    <subfield code="a">Ankara</subfield>
    <subfield code="b">T&#xFC;rkiye Barolar Birli&#x11F;i</subfield>
    <subfield code="c">2008</subfield>
  </datafield>
  <datafield tag="300" ind1=" " ind2=" ">
    <subfield code="a">x, 637 s.</subfield>
    <subfield code="c">24 sm.</subfield>
  </datafield>
  <datafield tag="490" ind1=" " ind2=" ">
    <subfield code="a">T&#xFC;rkiye Barolar Birli&#x11F;i yay&#x131;nlar&#x131;</subfield>
    <subfield code="v">151</subfield>
  </datafield>
  <datafield tag="650" ind1=" " ind2=" ">
    <subfield code="a">Yarg&#x131; reformu</subfield>
    <subfield code="y">Toplant&#x131;lar</subfield>
    <subfield code="z">T&#xFC;rkiye</subfield>
  </datafield>
  <datafield tag="650" ind1=" " ind2=" ">
    <subfield code="a">Hukuk reformu</subfield>
    <subfield code="x">Yarg&#x131;</subfield>
    <subfield code="y">Toplant&#x131;lar</subfield>
    <subfield code="z">T&#xFC;rkiye</subfield>
  </datafield>
  <datafield tag="651" ind1=" " ind2=" ">
    <subfield code="a">T&#xFC;rkiye</subfield>
    <subfield code="x">Yarg&#x131; sistemi</subfield>
    <subfield code="y">Toplant&#x131;lar</subfield>
  </datafield>
  <datafield tag="942" ind1=" " ind2=" ">
    <subfield code="2">ddc</subfield>
    <subfield code="c">BKS</subfield>
  </datafield>
  <datafield tag="952" ind1=" " ind2=" ">
    <subfield code="a">0001</subfield>
    <subfield code="b">0001</subfield>
    <subfield code="d">2016-10-23</subfield>
    <subfield code="e">2</subfield>
    <subfield code="l">0</subfield>
    <subfield code="o">340.309561 A22a 2008</subfield>
    <subfield code="p">005487</subfield>
    <subfield code="r">2016-10-23 00:00:00</subfield>
    <subfield code="v">0.00</subfield>
    <subfield code="w">2016-10-23</subfield>
    <subfield code="y">BKS</subfield>
  </datafield>
  <datafield tag="999" ind1=" " ind2=" ">
    <subfield code="c">3238</subfield>
    <subfield code="d">3238</subfield>
  </datafield>
</record>
